Statistics for All 50k+ cities in Nevada on a map

Click here to take the quiz!

General Stats

  • This quiz has been taken 128 times
  • The average score is 8 of 11

Answers on the Map

Answers color-coded by a green-red scale on the quiz's map according to % correct below.
 

Answer Stats

HintAnswer% Correct
646,790Las Vegas
100%
268,851Reno
100%
274,133North Las Vegas
95%
322,178Henderson
94%
58,993Carson City
92%
109,796Sparks
80%
192,000Paradise
75%
230,000Enterprise
48%
220,000Spring Valley
43%
208,000Sunrise Manor
35%
50,400Whitney
23%

Score Distribution

Percentile by Number Answered

Percent of People with Each Score

Your Score History

You have not taken this quiz